Т. 78 (LXXVIII) : Математические методы в гидрохимии; Гидрохимические материалы

Podrobná bibliografie
Parent link:Гидрохимические материалы: [сборник]/ Академия наук СССР (АН СССР), Гидрохимический институт. Т. 78 (LXXVIII) : Математические методы в гидрохимии.— , 1915-1992
Další autoři: Гончарова И. А. (редактор)
Jazyk:ruština
Vydáno: Ленинград, Гидрометеоиздат, 1981
Témata:
Médium: MixedMaterials Kniha
KOHA link:https://koha.lib.tpu.ru/cgi-bin/koha/opac-detail.pl?biblionumber=329514

MARC

LEADER 00000nam2a2200000 4500
001 329514
005 20231102004152.0
035 |a (RuTPU)RU\TPU\book\355274 
035 |a RU\TPU\book\355273 
090 |a 329514 
100 |a 20170315d1978 k y0rusy50 ca 
101 0 |a rus 
102 |a RU 
105 |a a z 001zy 
200 0 |a Т. 78 (LXXVIII) : Математические методы в гидрохимии  |f под ред. И. А. Гончаровой 
210 |a Ленинград  |c Гидрометеоиздат  |d 1981 
215 |a 131 с.  |c ил. 
320 |a Библиогр. в конце ст. 
461 1 |0 (RuTPU)RU\TPU\book\210718  |t Гидрохимические материалы  |o [сборник]  |f Академия наук СССР (АН СССР), Гидрохимический институт  |v Т. 78 (LXXVIII) : Математические методы в гидрохимии  |d 1915-1992 
606 1 |a Гидрохимические материалы  |2 stltpush  |3 (RuTPU)RU\TPU\subj\7087  |9 34818 
610 1 |a гидрохимия 
610 1 |a математические методы 
610 1 |a поверхностные воды 
610 1 |a мониторинг 
610 1 |a гидрохимические поля 
610 1 |a изменчивость 
610 1 |a контроль качества 
610 1 |a воды 
610 1 |a водотоки 
610 1 |a загрязненность 
610 1 |a выбросы 
610 1 |a гидрохимическая информация 
610 1 |a математические модели 
610 1 |a орошаемые земли 
610 1 |a комплексообразование 
610 1 |a турбулентное перемешивание 
675 |a 556.114  |v 3 
702 1 |a Гончарова  |b И. А.  |4 340 
801 1 |a RU  |b 63413507  |c 20080702  |g PSBO 
801 2 |a RU  |b 63413507  |c 20170322  |g PSBO 
942 |c BK